| 000 | 01331cam a2200385 i 4500 | ||
|---|---|---|---|
| 999 |
_c531640 _d531640 |
||
| 001 | 19626827 | ||
| 003 | NUST | ||
| 005 | 20191023122021.0 | ||
| 008 | 170509s2017 pk a b 000 0 eng | ||
| 010 | _a 2017332544 | ||
| 020 | _a9789696373209 | ||
| 025 | _aP-E-2017332544; 33 | ||
| 037 | _bLibrary of Congress -- Islamabad Overseas Office | ||
| 038 | _awaseem | ||
| 040 |
_aDLC _beng _cDLC _erda |
||
| 042 |
_alcode _apcc |
||
| 043 | _aa-pk--- | ||
| 050 | 0 | 0 |
_aJQ629.A38 _bC5857 2017 |
| 082 |
_a322.954 _bSHA |
||
| 100 | 1 |
_aIqbal, Shaukat, _eauthor. _924540 |
|
| 245 | 1 | 0 |
_aCivil-military equation in Pakistan : _bperception and reality / _cMaj Gen (R) Shaukat Iqbal. |
| 250 | _aFirst edition. | ||
| 264 | 1 |
_aKarachi : _bParamount, _c2017. |
|
| 300 |
_axx, 209 pages : _billustrations (some color) ; _c23 cm |
||
| 336 |
_atext _btxt _2rdacontent |
||
| 337 |
_aunmediated _bn _2rdamedia |
||
| 338 |
_avolume _bnc _2rdacarrier |
||
| 504 | _aIncludes bibliographical references (pages 208-209). | ||
| 650 | 0 |
_aCivil-military relations _zPakistan. _924541 |
|
| 651 | 0 |
_aPakistan _xArmed Forces _xPolitical activity. _922966 |
|
| 651 | 0 |
_aPakistan _xPolitics and government. _9206 |
|
| 906 |
_a7 _bcbc _corigode _d3 _encip _f20 _gy-gencatlg |
||
| 942 |
_2ddc _cBK |
||